000 00319nam a22001337a 4500
008 181023b xxu||||| |||| 00| 0 eng d
020 _a9780397549610
041 _aeng
080 _a616
100 _a9
101 _aPATF
245 _aPathophysiology Concepts of Altered Health States
_cPorth, C.M
942 _2udc
_cBK
999 _c50715
_d50715